Countries with a Life Expectancy of 80+ Years - Statistics

General Stats
  • This quiz has been taken 144 times
    105 since last reset
  • The average score is 29 of 34
Answer Stats
Age Country % Correct
81.96 Canada
96%
83.59 Japan
96%
81.06 United Kingdom
94%
82.25 Australia
93%
81.75 Norway
93%
80.72 Portugal
93%
81.13 Finland
92%
81.96 Sweden
92%
81.34 Austria
91%
89.50 Monaco
91%
82.85 Switzerland
91%
80.55 Denmark
90%
80.59 Belgium
89%
81.15 Ireland
89%
82.69 Italy
89%
81.30 Netherlands
89%
83.08 Spain
89%
82.80 Andorra
88%
80.84 Germany
88%
81.40 New Zealand
88%
81.29 Greece
85%
82.06 Iceland
85%
82.16 South Korea
85%
82.37 France
84%
83.32 San Marino
83%
82.21 Luxembourg
82%
82.65 Singapore
81%
82.26 Liechtenstein
78%
81.75 Malta
73%
82.15 Israel
72%
80.52 Slovenia
71%
80.10 Taiwan
70%
80.13 Cyprus
66%
81.50 Chile
47%
No matching quizzes found
Score Distribution
Percent of People with Each Score
Percentile by Number Answered
Your Score History
You have not taken this quiz since the last reset